01601nam a2200325 i 4500003000900000005001700009007000300026008004100029040002500070082002700095100003300122245012200155264003400277300002600311490010000337500016800437504003200605590002700637650003200664650003300696650003600729700003400765700004500799710004400844830011000888910004700998942001401045952019901059999001701258DO-SdBNP20230817131219.0ta100416s1995 dr 000 0 spa d aDO-SdBNPbspacBNPHU 4a460.7bH577c, 19952221 a Hernández, Cristina9959810aCurso superior de lengua española básica /cSonia Medrano, Cristina Hernández ; edición Isidro de los Santos. 1aSanto Domingo :bUASD,c1995. a122 pàginasc21 cm.1 aPublicaciones de la Universidad Autónoma de Santo Domingov742aLingüística y sociedadv7 aGuía práctica para el uso adecuado de la lengua española, orientada hacia la formación del pensamiento y el logro de una comunicación eficaz.- En portada aBibliografía : p. 118-119 aInventariado, 2023/ YL 4aEspañolxEnseñanza9406 4aEspañolxGramática93475 4aOrtografíaxEnseñanza995991 aMedrano, Sonia99598eAutora.1 aSanto, Isidro de los,eEdición 9393182 aUniversidad Autónoma de Santo Domingo aPublicaciones de la Universidad Autónoma de Santo Domingo ; 742pLingüística y sociedad ;n7983948 aYLockward/Validado. Control de calidad MFF 2ddccLBS1 00102ddc51708PDaBNPHUbBNPHUcHDd2014-12-03eBarbara Suncarl0oBNPHU PD 460.7 M492c 1995 1erp2023-5261r2023-08-09w2023-08-09yLBS1zPerteneció a biblioteca personal de Barbara Suncar c54356d54356